000 00937nam a22003137a 4500
001 BR6003897
003 BR-BrBNA
005 20230928095842.0
007 ta
008 230509b bl.||||| |||| 00| 0 por d
040 _aBR-BrBNA
_bpor
_cBiblioteca Nacional de Agricultura
041 _a(Por)
072 _aL00; E70; E10
_b9700
_b5212
090 _ 9700 BR6003897
110 1 _aMinisterio da Agricultura, Brasilia, DF (Brasil). Escritorio Central de Planejamento e Controle
_96800
245 1 _aSubsidios para elaboracao de um plano integrado vertical de carnes
260 3 _aBrasilia, DF (Brasil):
_c1969.
300 _a104 p.
650 _aProducao Animal
650 _aComercializacao
650 _aTecnologia de Alimento
650 _aCarne Bovina
650 _aAbate
650 _aAbastecimento
650 _aIndustria Alimenticia
650 _aExportacao
909 _a202309
_bLucia
_c55
_dLucia Elande
942 _cBK
999 _c59034
_d59034